Globalization and sustainability /
Gespeichert in:
| 1. Verfasser: | |
|---|---|
| Weitere Verfasser: | |
| Format: | Text |
| Sprache: | Spanish |
| Veröffentlicht: |
Blackwell Publishing
|
| Ausgabe: | 2 |
| Schlagworte: | |
| Tags: |
Tag hinzufügen
Keine Tags, Fügen Sie den ersten Tag hinzu!
|
MARC
| LEADER | 00000 a a2200000 04500 | ||
|---|---|---|---|
| 001 | 37470 | ||
| 003 | cru IIS | ||
| 005 | 20230314154736.0 | ||
| 008 | 230314b |||||||| |||| 00| 0 spa d | ||
| 020 | |a 978-1-4051-0279-7 | ||
| 040 | |c cru IIS |d cru IIS | ||
| 090 | |a 0001 L471g | ||
| 100 | 1 | |a Sachs, Wolfgang |9 11033 | |
| 245 | |a Globalization and sustainability / |c Wolfgang Sachs | ||
| 250 | |a 2 | ||
| 260 | |a Blackwell Publishing | ||
| 300 | |a 198-403 p. | ||
| 650 | 0 | |a GLOBALIZACION |9 388 | |
| 700 | |a ed. |a Boli, John |a ed. | ||
| 942 | |2 ddc |c LI | ||
| 999 | |c 4617 |d 4617 | ||



